000 00816nam a22002897a 4500
001 BR7807757
003 BR-BrBNA
005 20230928085830.0
007 ta
008 230509b bl.||||| |||| 00| 0 por d
040 _aBR-BrBNA
_bpor
_cBiblioteca Nacional de Agricultura
041 _a(Por)
072 _aP05; C00
090 _ P05 BR7807757
100 1 _aZettl, B.J.E. (ed.)
110 1 _aInstituto de Pesquisas da Marinha, Rio de Janeiro, RJ (Brasil)
_96154
245 1 _aO sol e voce [energia solar, extensao rural]
260 3 _aRio de Janeiro, RJ (Brasil):
_c1978.
300 _a39 p.
500 _a30 illus.
650 _aENERGIA SOLAR
650 _aRECURSO ENERGETICO
650 _aEXTENSAO RURAL
650 _aTECNOLOGIA APROPRIADA
909 _a202309
_bLucia
_c55
_dLucia Elande
942 _cBK
999 _c26579
_d26579